Представление документа в формате RUSMARC

ПолеНазваниеЗначение
  Тип записи a
  Библиографический уровень m
001 Контрольный номер RU/REG73/CBS_GRAD/3bf446fa64dd4109b873c14e2fe9568e
005 Дата корректировки 20230519083141.5
010 Индекс ISBN __
a ISBN 5-268-00912-5
100 Данные общей обработки __
a Данные общей обработки 20230519d 0rusy0189## ca
101 Язык документа 0_
a Язык текста rus
102 Страна публикации __
a Страна публикации RU
200 Заглавие и сведения об ответственности 1_
a Заглавие Двенадцать месяцев года
f Первые сведения об ответственности Валерий Андреевич Миронов ; художник Е. Самойлов
210 Выходные данные 1_
a Место издания Москва
c Издательство Советская Россия
d Дата издания 1991
215 Физическое описание __
a Объем 176 с.: ил.
686 Индексы других классификаций __
a Классификационный индекс 63.5
700 Автор _1
a Фамилия Миронов
g Полное личное имя Валерий Андреевич
801 Источник записи _0
a Страна RU
b Организация RuCBSGrad
c Дата составления 20230519
g Правила каталогизации RCR
801 Источник записи _1
a Страна RU
b Организация RuCBSGrad
c Дата составления 20230519
g Правила каталогизации RCR
901 Тип документа __
t Тип документа m